| 000 | 00554nam a2200205Ia 4500 | ||
|---|---|---|---|
| 003 | BUBTL | ||
| 008 | 151213s9999 xx 000 0 und d | ||
| 020 | _a0140707131 | ||
| 082 | _a822.33/ Sh152t/ 1996 | ||
| 100 |
_aShakespeare,William _92000 |
||
| 245 |
_aThe Tempest/ _cWilliam Shakespeare |
||
| 250 | _a1st Edn. | ||
| 260 |
_aLondon: _bPenguin Books, _cc1996 |
||
| 300 |
_a186 p.: _c18 cm. |
||
| 650 | 0 |
_aEnglish Literature _91994 |
|
| 650 |
_aEnglish _93550 |
||
| 856 |
_k0 _l0 _yDownload |
||
| 942 |
_2ddc _cBK |
||
| 999 |
_c1569 _d1569 |
||